01666nam a2200325 a 450000100100000000500170001000800410002702000150006804000250008308200200010810000480012824500790017626000480025530000240030349000700032750000760039750100380047356300630051159000260057465000280060065000310062870000490065983000720070891000410078095201320082195201320095395201170108595201230120299900150132500000975520240412074213.0091001s2001 dr 000 p spa d a9993482811 aDO-SdBNPbspacBNPHU aRD861.44bB715c1 aBonilla Meléndez, Santiago,d1961-92465910aCantos del pueblo ;bConciertos de amor /cSantiago A. Bonilla Meléndez. aSanto Domingo :bUniversitaria-UASD,c2001. a41, 51 p. ;c22 cm.1 aPublicaciones de la Universidad Autónoma de Santo Domingov1009 aIncluye datos biográficos del autor en la solapa de la contracubierta aPublicado con: Conciertos de amor aDos obras publicadas juntas con paginación independiente aInventariado, 2018/LP 0aPoesía dominicana966 0aLiteratura dominicana.96712aBonilla, SantiagotConciertos de amor924660 aPubliacaciones de la Universidad Autónoma de Santo Domingo956533 aValidado. Control de calidad MMOLINA 001054708DSaGRbGRcHDd2009-10-01iLF1l0oRD861.44 B715cp9755-30r2020-06-25te. 3w2020-06-25yLFDSZPréstamo en sala 001054708DSaGRbGRcHDd2009-10-01iLF1l0oRD861.44 B715cp9755-40r2020-06-25te. 4w2020-06-25yLFDSZPréstamo en sala 0010718PDaPDbPDcHDd2009-10-01iLF1l0oRD861.44 B715cp9755-10r2020-06-25w2020-06-25yLFPDZNo se presta 0010718PDaPDbPDcHDd2009-10-01iLF1l0oRD861.44 B715cp9755-20r2020-06-25te. 2w2020-06-25yLFPDZNo se presta c9515d9515